L'estetica italiana dopo Croce.

Saved in:
Bibliographic Details
Main Author: Plebe, Armando.
Format: Book
Language:Italian
Published: Padova, R.A.D.A.R., 1968.
Series:Collana Nuova critica.
Subjects:
Tags: Add Tag
No Tags, Be the first to tag this record!
LEADER 00626nam a2200241I 4500
001 006407357-2
005 20090712233657.0
008 841017s1968 it b 000 0 ita
010 |a  76535859  
015 |a It68-Oct 
035 0 |a ocm11278206 
040 |a DLC  |c GZM  |d HLS 
050 0 |a BH221.I83  |b P55 
100 1 |a Plebe, Armando. 
245 1 2 |a L'estetica italiana dopo Croce. 
260 |a Padova,  |b R.A.D.A.R.,  |c 1968. 
300 |a 108 p.  |c 22 cm. 
490 1 |a La Nuova critica 
504 |a Bibliography: p. 103-106. 
650 0 |a Aesthetics, Italian. 
830 0 |a Collana Nuova critica. 
988 |a 20020608 
906 |0 DLC